000
00239nam a2200097Ia 4500
001
726158
005
20250826163423.0
008
250824s9999 xx 000 0 und d
245
0
_a
BARIŞ ODALARI
_c
ASLI DER
260
_b
GÜNIŞIĞI KİTAPLIĞI
999
_c
726158
_d
726158